| 000 | 00575nam a22001697a 4500 | ||
|---|---|---|---|
| 003 | MACL | ||
| 005 | 20160719125847.0 | ||
| 008 | 160719b xxu||||| |||| 00| 0 eng d | ||
| 040 | _cMACL | ||
| 041 | _aHindi | ||
| 082 | _a741.642 | ||
| 100 |
_aकालरा, शकुन्तला _955185 |
||
| 245 |
_aहॅसते महकते फूल _cशकुन्तला कालरा |
||
| 260 |
_aनई दिल्ली _bचेतना प्रकाशन _c2012 |
||
| 650 |
_aचिलड्रन बुक्स _9343 |
||
| 942 |
_2ddc _cHIN |
||
| 999 |
_c54434 _d54434 |
||